Числа римскими цифрами на скорость - Statistics

General Stats
  • This quiz has been taken 4 times
  • The average score is 64 of 100
Answer Stats
% Correct
I
100%
II
100%
III
100%
IV
100%
IX
100%
V
100%
VI
100%
VII
100%
VIII
100%
X
100%
XI
100%
XII
100%
XIII
100%
XIV
100%
XIX
100%
XV
100%
XVI
100%
XVII
100%
XVIII
100%
XX
100%
XXI
100%
XXII
100%
XXIII
100%
XXIV
100%
XXIX
100%
XXV
100%
XXVI
100%
XXVII
100%
XXVIII
100%
XXX
100%
XXXI
100%
XXXII
100%
XXXIII
100%
XXXIV
100%
XXXIX
100%
XXXV
100%
XXXVI
100%
XXXVII
100%
XXXVIII
100%
L
50%
LI
50%
LII
50%
LIII
50%
LIV
50%
LIX
50%
LV
50%
LVI
50%
LVII
50%
LVIII
50%
LX
50%
LXI
50%
LXII
50%
LXIII
50%
LXIV
50%
LXIX
50%
LXV
50%
LXVI
50%
LXVII
50%
LXVIII
50%
LXX
50%
LXXI
50%
LXXII
50%
LXXIII
50%
LXXIV
50%
LXXIX
50%
LXXV
50%
LXXVI
50%
LXXVII
50%
LXXVIII
50%
LXXX
50%
LXXXI
50%
LXXXII
50%
LXXXIII
50%
LXXXIV
50%
LXXXIX
50%
LXXXV
50%
LXXXVI
50%
LXXXVII
50%
LXXXVIII
50%
XL
50%
XLI
50%
XLII
50%
XLIII
50%
XLIV
50%
XLIX
50%
XLV
50%
XLVI
50%
XLVII
50%
XLVIII
50%
C
0%
XC
0%
XCI
0%
XCII
0%
XCIII
0%
XCIV
0%
XCIX
0%
XCV
0%
XCVI
0%
XCVII
0%
XCVIII
0%
No matching quizzes found
Score Distribution
Percent of People with Each Score
Percentile by Number Answered
Your Score History
You have not taken this quiz